MDQL
is popping MORE tags! Check the
thread
!
Quizzes
Events
Quiz Creation
Community
Videos
Private Events
Remove Ads
Sign In
Join for FREE
Feedback
Dark Mode
Quiz Categories
Sports
Geography
Music
Movies
Television
Just For Fun
Miscellaneous
History
Literature
Language
Science
Gaming
Entertainment
Religion
Holiday
For Kids
Quiz Lab
Recent
Popular Today
Quiz Kudos Today
Editor Picks
Curator Picks
Quizzes by...
Day
Popularity
Type
Ratings
Length
Year
Community
Subscriptions
Recent Discussions
Orange Saloon
Badges
Playlists
Quests
Create
Leaderboards
Showdown
Live 5
Trivia Bingo
Activity
Puzzle Library
Sporcle Events
Private Events
Virtual Trivia
Globe League
Become a Host
Pub Owners
SporcleCon
Opinionation
Our Games
Videos
Blog
Mobile Apps
Partnerships
Remove Ads and Go Orange
Feedback
Just For Fun
Clickable
Get the Picture
Humor
Quick Pick
Word Ladder
Missing Word
Mixed Word
Blitz
Minefield
This or That
Alphabet
Color
Typing
Sporcle
Puzzle
Word Play
Follow That Line
Logic
Just For Fun
Clickable
Get the Picture
Humor
Quick Pick
Word Ladder
Missing Word
Mixed Word
Blitz
Minefield
This or That
Alphabet
Color
Typing
Sporcle
Puzzle
Word Play
Follow That Line
Logic
Random Quiz
Search Sporcle
×
Quiz Lab
Quiz Lab
Just For Fun
Fraternity
Type in answers that appear in a list
Type in answers that appear in a list
Classic
Best Score? Go Orange.
National Panhellenic Council BGLOs Stats
Can you name the National Panhellenic Council BGLOs?
By
amby1920
3m
10 Questions
72 Plays
72 Plays
72 Plays
Comments
Comments
Give Quiz Kudos
Give Quiz Kudos
-
- Ratings
hide this ad
Replay
Link that replays current quiz
Next Quiz
Link to next quiz in quiz playlist
You Got
0%
They Got
Avg Score
89%
Avg Friend Score
Upgrade to see
Score Distribution
Jump to the score distribution portion of the page
Score
0/10
Timer
03:00
0
Plays Today
Hint
Answer
% Correct
1906
Alpha Phi Alpha
100%
1908
Alpha Kappa Alpha
95.8%
1911
Kappa Alpha Psi
94.4%
1913
Delta Sigma Theta
94.4%
1911
Omega Psi Phi
93.1%
1920
Zeta Phi Beta
91.7%
1922
Sigma Gamma Rho
90.3%
1914
Phi Beta Sigma
88.9%
1963
Iota Phi Theta
80.6%
Nickname for nphc
Divine nine
63.9%
Quiz Playlist
Details
Report
Send in Message
Add To Playlist
Classic:
Type in answers that appear in a list
Last Updated: Feb 16, 2017
Quiz Scoreboard
CHALLENGE
Sign Up to Join the Scoreboard
Show All
Scores
Hide
Comments
May contain spoilers
Recently Published
1-10 Letter E Words III
by El_Dandy
Language
2m
Street Fighter Characters
by Artimus82
Gaming
60s
College Basketball Coaching Resumes
by pancakes188
Sports
9m
More to Explore
Quiz From the Vault
Featured Blog Post
Where Did the Easter Bunny Come From?
hide this ad
You Might Also Like...
Tags
Fraternity
nphc
Sorority
Today's Top Quizzes in Just For Fun
Browse Just For Fun
hide this ad
Today's Top Quizzes in Fraternity
Browse Fraternity
Top Contributed Quizzes in Just For Fun
1
Name Just One - 10 to 1: Just For Fun
2
Killer Double Trees 224 - Colour Match-Up
3
Spring Typing Challenge
4
Crossword Whiteout! 49
5
Zeroing In: Just For Fun
6
Survivor Winners Logic Puzzle
7
Word Ladder: Ahoy Matey
8
Word Ladder: Wilderness Weapon
9
Kyle's 122nd Triple Trees
10
Clickable Animal Jokes #2
Explore More
Trending Topics
NBA
Crossword
Disney
Harry Potter
Anime
Kpop
Marvel
Country
Song
NFL
The Office
WWE
Pokémon
Puzzle
Soccer
hide this ad
More By:
amby1920
Quiz
Plays
Rating
Category
Featured
Created
Ultimate Family Guy Quiz 1.0
665
2.00
Just For Fun
Nov 13, 2011
2nd Grade Science
630
2.50
Science
Oct 29, 2011
King of the Hill Fan 1
584
3.40
Just For Fun
Oct 31, 2011
Social studies
86
History
Dec 17, 2011
ABCDEF word blaster
78
2.00
Miscellaneous
Jan 2, 2012
Go to Creator's Profile
Score Distribution
Quiz Creator Spotlight
amby1920
Follow
Send a Message
Quizzes Created
-
Created Quiz Play Count
-
More By This Creator
Popular Quizzes Today
1
Find the US States - No Outlines Minefield
2
Find the Countries of Europe - No Outlines Minefield
3
The Countries of the World
4
Find the US States
5
Risky Map Clicking: Biggest States A-Z
6
US States
7
Popular People in 1961
8
Movies - When Are They Set?
More Just For Fun Quizzes
Missing Word: Bad Horror Movies
Published
Trending Quizzes
Risky Map Clicking: Least Populous States A-Z
Billboard Blitz: Aretha Franklin
Famous Russians: Author or Composer?
1-10 Letter G Words
Countries of the World: 200 Million BC
Recently Updated
Leaping Animals
pecheneg
Reality TV Shows (A-Z)
bhenderson79
Rickey Henderson's Hall of Fame Teammates
pecheneg
Champions League XIs: Arsenal
pecheneg
Quick Pick: Celebrities in WWE's Hall of Fame
aduchscher
A-Z Keypad Blitz II
pecheneg
Multiple Oscar Actors
pecheneg
Mystery Phrase Blitz: Oscar 'Best Actors'
pecheneg
F. Scott Fitzgerald Novels
LTH
Pick 3 Villains
ddd62291
Trending Topics
Kpop
Disney
Marvel
Crossword
Anime
Harry Potter
NBA
Country
Pokémon
The Office
Soccer
Puzzle
Song
NFL
WWE
Your Account Isn't Verified!
In order to create a playlist on Sporcle, you need to verify the email address you used during registration. Go to your
Sporcle Settings
to finish the process.
Report this User
Report this user for behavior that violates our
Community Guidelines
.
Details:
Send Report
Go to the Sporcle.com Mobile Site →
Comments